header

Las Banderas (Record no. 262443)

MARC details
000 -LEADER
fixed length control field 00215nam a22000977a 4500
020 ## - INTERNATIONAL STANDARD BOOK NUMBER
ISBN 0528837397
100 ## - MAIN ENTRY--AUTHOR NAME
Personal name Chris Jaeggi
245 ## - TITLE STATEMENT
Title Las Banderas
260 ## - PUBLICATION, DISTRIBUTION, ETC. (IMPRINT)
Place of publication U.S.A
Name of publisher Rand McNally and Company
Year of publication 1995
942 ## - ADDED ENTRY ELEMENTS (KOHA)
Koha item type Long Loan Books
Holdings
Withdrawn status Lost status Collection code Home library Current library Shelving location Date acquired Accession Number Koha item type
    Fiction Rongo University Library Rongo University Library Children's Area 17/01/2024 CL2021811 Long Loan Books

© 2026 Rongo University
Contact us: librarian | system librarian | Rongo university